The light between oceans (Record no. 31103)
[ view plain ]
| 000 -LEADER | |
|---|---|
| fixed length control field | 01477nam a2200325 a 4500 |
| 001 - CONTROL NUMBER | |
| control field | zpgpl0 b1496203 |
| 003 - CONTROL NUMBER IDENTIFIER | |
| control field | OSt |
| 005 - DATE AND TIME OF LATEST TRANSACTION | |
| control field | 20250902062114.0 |
| 008 - FIXED-LENGTH DATA ELEMENTS--GENERAL INFORMATION | |
| fixed length control field | 130419s2012 nyub 000 f eng d |
| 010 ## - LIBRARY OF CONGRESS CONTROL NUMBER | |
| LC control number | 2011050244 |
| 020 ## - INTERNATIONAL STANDARD BOOK NUMBER | |
| International Standard Book Number | 9781451681734 |
| Qualifying information | hardback |
| 020 ## - INTERNATIONAL STANDARD BOOK NUMBER | |
| International Standard Book Number | 1451681739 |
| Qualifying information | hardback |
| 020 ## - INTERNATIONAL STANDARD BOOK NUMBER | |
| International Standard Book Number | 9781451681758 |
| Qualifying information | trade paper |
| 020 ## - INTERNATIONAL STANDARD BOOK NUMBER | |
| International Standard Book Number | 1451681755 |
| Qualifying information | trade paper |
| 040 ## - CATALOGING SOURCE | |
| Original cataloging agency | CGL |
| Language of cataloging | eng |
| Transcribing agency | CGL |
| 043 ## - GEOGRAPHIC AREA CODE | |
| Geographic area code | u-at--- |
| 050 00 - LIBRARY OF CONGRESS CALL NUMBER | |
| Classification number | PR9619.4.S735 |
| Item number | L54 2012 |
| 082 00 - DEWEY DECIMAL CLASSIFICATION NUMBER | |
| Classification number | 823/.92 |
| Edition number | 23 |
| 100 1# - MAIN ENTRY--PERSONAL NAME | |
| Personal name | Stedman, M. L. |
| 245 14 - TITLE STATEMENT | |
| Title | The light between oceans |
| Medium | [kit] : |
| Remainder of title | a novel / |
| Statement of responsibility, etc. | M. L. Stedman. |
| 260 ## - PUBLICATION, DISTRIBUTION, ETC. (IMPRINT) | |
| Place of publication, distribution, etc. | New York : |
| Name of publisher, distributor, etc. | Scribner, |
| Date of publication, distribution, etc. | 2012. |
| 300 ## - PHYSICAL DESCRIPTION | |
| Extent | 345 p. : |
| Other physical details | map ; |
| Dimensions | 24 cm. + |
| Accompanying material | 1 notebook ((unpaged) ; 28 cm.) in canvas bag. |
| 500 ## - GENERAL NOTE | |
| General note | Each Book Group Kit, contained in a canvas bag, includes 12 copies of the book and one copy of a notebook containing book reviews, discussion questions, author information, a bibliography of the titles in the Book Group Kit collection, bibliographies of books and websites on book groups and enhancements (articles, maps or pictures) to help understand the book. |
| 520 ## - SUMMARY, ETC. | |
| Summary, etc. | "A novel set on a remote Australian island, where a childless couple live quietly running a lighthouse, until a boat carrying a baby washes ashore"-- |
| Assigning source | Provided by publisher. |
| 650 #0 - SUBJECT ADDED ENTRY--TOPICAL TERM | |
| Topical term or geographic name as entry element | Married people |
| Form subdivision | Fiction. |
| 650 #0 - SUBJECT ADDED ENTRY--TOPICAL TERM | |
| Topical term or geographic name as entry element | Foundlings |
| Form subdivision | Fiction. |
| 651 #0 - SUBJECT ADDED ENTRY--GEOGRAPHIC NAME | |
| Geographic name | Australia |
| Form subdivision | Fiction. |
| 655 #7 - INDEX TERM--GENRE/FORM | |
| Genre/form data or focus term | Domestic fiction |
| Source of term | lcsh. |
| 942 ## - ADDED ENTRY ELEMENTS (KOHA) | |
| Koha item type | Libro/Book |
| Withdrawn status | Lost status | Damaged status | Not for loan | Home library | Current library | Date acquired | Total Checkouts | Full call number | Barcode | Date last seen | Price effective from | Koha item type |
|---|---|---|---|---|---|---|---|---|---|---|---|---|
| San Juan Del Sur -- Biblioteca | San Juan Del Sur -- Biblioteca | 02/09/2025 | F | 30023251 | 02/09/2025 | 02/09/2025 | Libro/Book |